000 00291nam a22001337a 4500
008 170922b xxu||||| |||| 00| 0 eng d
020 _a9781555427252
041 _aeng
080 _a37
100 _a46
101 _aEDU
245 _aBUILDING DIVERSE FACULTY
_cGAINEN,J
942 _2udc
_cBK
999 _c29055
_d29055